[Event "vl-2324 MVP"]
[Site "MVP"]
[Date "2024.03.17"]
[Round "7.1"]
[White "Simantsev, Mikhail"]
[Black "Stoevesand, Eric"]
[Result "1-0"]
[WhiteElo "2371"]
[BlackElo "1910"]
[PlyCount "65"]
[EventDate "2023.??.??"]
[EventType "team-tourn"]
[EventRounds "9"]
[EventCountry "GER"]
[WhiteTeam "SF Schwerin II"]
[BlackTeam "SG Neubrandenburg"]
[WhiteTeamCountry "GER"]
[BlackTeamCountry "GER"]

1. d4 d5 2. c4 c6 3. Nc3 Nf6 4. e3 e6 5. Nf3 Nbd7 6. Qc2 Bd6 7. Be2 dxc4 8. Bxc4 O-O 9. O-O b5 10. Bd3 Bb7 11. Rd1 Qc7 12. a3 a6 13. b4 e5 14. Ng5 h6 15. Nge4 Be7 16. Ng3 Rfd8 17. Nf5 Bf8 18. Bd2 Rac8 19. Rac1 Qb6 20. Ne4 Nxe4 21. Bxe4 g6 22. Ng3 Bg7 23. Qb3 Nf8 24. dxe5 Bxe5 25. Bc3 Rxd1+ 26. Rxd1 Bxc3 27. Qxc3 c5 28. Qe5 cxb4 29. axb4 Rc4 30. Qb8 Rxe4 31. Nxe4 Qc6 32. f3 Kg7 33. Qe5+ 1-0

[Event "vl-2324 MVP"]
[Site "MVP"]
[Date "2024.03.17"]
[Round "7.2"]
[White "Stoevesand, Peter"]
[Black "Hornych, Christoph"]
[Result "0-1"]
[WhiteElo "1754"]
[BlackElo "2172"]
[PlyCount "134"]
[EventDate "2023.??.??"]
[EventType "team-tourn"]
[EventRounds "9"]
[EventCountry "GER"]
[WhiteTeam "SG Neubrandenburg"]
[BlackTeam "SF Schwerin II"]
[WhiteTeamCountry "GER"]
[BlackTeamCountry "GER"]

1. e4 c6 2. d4 d5 3. e5 Bf5 4. c4 e6 5. Nc3 Nd7 6. a3 dxc4 7. Bxc4 Nb6 8. Bb3 h5 9. Nge2 h4 10. h3 Be7 11. Be3 Nh6 12. g4 hxg3 13. Nxg3 Bg5 14. Qh5 Bxe3 15. fxe3 Bg6 16. Qf3 Qh4 17. O-O-O O-O-O 18. Nce4 Bxe4 19. Nxe4 Nf5 20. Kb1 Qh5 21. Qf2 Nd5 22. Bxd5 Rxd5 23. Nc3 Rd7 24. e4 Qh4 25. Qg1 Ng3 26. Rh2 Nxe4 27. Qxg7 Rhd8 28. Qg1 c5 29. Rc2 Kb8 30. Qg4 Qxg4 31. hxg4 Rxd4 32. Rxd4 Rxd4 33. Nxe4 Rxe4 34. Rxc5 b6 35. Rc3 Rxe5 36. Rf3 f5 37. gxf5 exf5 38. Kc2 Kc7 39. Kd3 Kc6 40. Rh3 Kd5 41. Rh7 a5 42. Rh6 Re6 43. Rh4 Ke5 44. Ke3 Rg6 45. Kf3 Rd6 46. Ke2 Rd5 47. Rh6 Rb5 48. b4 axb4 49. a4 Ra5 50. Rxb6 Rxa4 51. Rb8 Kd4 52. Rd8+ Kc3 53. Rc8+ Kd4 54. Rd8+ Ke4 55. Re8+ Kf4 56. Rh8 Ra2+ 57. Kd1 Kf3 58. Rh3+ Kg4 59. Rb3 Ra4 60. Ke2 f4 61. Kf2 f3 62. Rb2 Kf4 63. Kf1 Kg3 64. Rb1 b3 65. Kg1 b2 66. Rxb2 Ra1+ 67. Rb1 Rxb1# 0-1

[Event "vl-2324 MVP"]
[Site "MVP"]
[Date "2024.03.17"]
[Round "7.3"]
[White "Wandel, Bernd"]
[Black "Priladyshev, Alexander"]
[Result "1/2-1/2"]
[WhiteElo "2054"]
[BlackElo "2068"]
[PlyCount "90"]
[EventDate "2023.??.??"]
[EventType "team-tourn"]
[EventRounds "9"]
[EventCountry "GER"]
[WhiteTeam "SF Schwerin II"]
[BlackTeam "SG Neubrandenburg"]
[WhiteTeamCountry "GER"]
[BlackTeamCountry "GER"]

1. d4 f5 2. c4 Nf6 3. Nc3 g6 4. g3 Bg7 5. Bg2 d6 6. d5 Nbd7 7. Nf3 Ne5 8. O-O O-O 9. Nxe5 dxe5 10. e4 f4 11. c5 g5 12. Qb3 Kh8 13. Rd1 b6 14. cxb6 axb6 15. Bd2 Ba6 16. a4 Qe8 17. Rac1 Qh5 18. gxf4 exf4 19. Nb5 Ne8 20. f3 g4 21. fxg4 Qxg4 22. Qf3 Qxf3 23. Bxf3 Bxb5 24. axb5 Bxb2 25. Bc3+ Bxc3 26. Rxc3 Rg8+ 27. Kf1 Ra2 28. Be2 Rg5 29. Rf3 Rg4 30. Rh3 Rg5 31. Rh4 Rb2 32. Rxf4 Nd6 33. Rc1 Re5 34. Rxc7 Nxe4 35. Rg4 h5 36. Rc8+ Kh7 37. Rxe4 Rxe4 38. Bd3 Rbb4 39. Rc6 Kg7 40. Bxe4 Rxe4 41. d6 exd6 42. Rxd6 Rf4+ 43. Kg2 Rf6 44. Rd7+ Rf7 45. Rd6 Rf6 1/2-1/2

[Event "vl-2324 MVP"]
[Site "MVP"]
[Date "2024.03.17"]
[Round "7.4"]
[White "Kunow, Frank"]
[Black "Helms, Sven"]
[Result "0-1"]
[WhiteElo "1924"]
[BlackElo "1898"]
[PlyCount "80"]
[EventDate "2023.??.??"]
[EventType "team-tourn"]
[EventRounds "9"]
[EventCountry "GER"]
[WhiteTeam "SG Neubrandenburg"]
[BlackTeam "SF Schwerin II"]
[WhiteTeamCountry "GER"]
[BlackTeamCountry "GER"]

1. c4 Nf6 2. Nc3 e6 3. g3 d5 4. Bg2 Be7 5. Nf3 O-O 6. b3 c6 7. O-O d4 8. Na4 c5 9. Ne5 Qc7 10. Nd3 Nbd7 11. Ba3 Rb8 12. b4 cxb4 13. Nxb4 Ne5 14. Rc1 Ng6 15. c5 Bd7 16. c6 Qa5 17. c7 Rbc8 18. Bxb7 Bxa4 19. Bxc8 Rxc8 20. Nc6 Bxc6 21. Rxc6 Bxa3 22. Qb3 Ne7 23. Rc4 Bc5 24. Rfc1 Bb6 25. d3 Ned5 26. a4 h6 27. Qa3 Rxc7 28. Qd6 Rb7 29. h4 Kh7 30. g4 Nc3 31. Kf1 Qd5 32. Qxd5 Nfxd5 33. Rc2 Ba5 34. Rxd4 Rb1+ 35. Kg2 e5 36. Rc4 Nf4+ 37. Kf3 Ncxe2 38. Rxe2 Nxe2 39. Kxe2 Rb2+ 40. Kf3 Bb6 0-1

[Event "vl-2324 MVP"]
[Site "MVP"]
[Date "2024.03.17"]
[Round "7.5"]
[White "Schmidt, Arne"]
[Black "Hoerhold, Martin"]
[Result "1-0"]
[WhiteElo "1774"]
[BlackElo "1852"]
[PlyCount "91"]
[EventDate "2023.??.??"]
[EventType "team-tourn"]
[EventRounds "9"]
[EventCountry "GER"]
[WhiteTeam "SF Schwerin II"]
[BlackTeam "SG Neubrandenburg"]
[WhiteTeamCountry "GER"]
[BlackTeamCountry "GER"]

1. d4 Nf6 2. c4 e6 3. g3 d5 4. Bg2 Be7 5. Nf3 O-O 6. O-O Nbd7 7. Qc2 c5 8. Bg5 cxd4 9. Nxd4 Qb6 10. Nb3 dxc4 11. Qxc4 Qb4 12. N1d2 h6 13. Be3 Qxc4 14. Nxc4 Nd5 15. Rfd1 Nxe3 16. Nxe3 Rb8 17. Rac1 Nf6 18. Na5 Bb4 19. Nac4 b6 20. a3 Bc5 21. b4 Bxe3 22. Nxe3 Ba6 23. Rd2 Rbc8 24. Rdc2 Rxc2 25. Rxc2 Bb5 26. Bc6 Bxc6 27. Rxc6 Rd8 28. f3 Rd2 29. Rc8+ Kh7 30. Rc2 Rd7 31. Kf2 g5 32. Nc4 Rd5 33. Ne3 Rd7 34. Nc4 Rd5 35. e4 Rd8 36. Ke2 Rc8 37. Ne3 Rxc2+ 38. Nxc2 e5 39. b5 Ne8 40. Nb4 Nc7 41. a4 f6 42. Nc6 a6 43. a5 axb5 44. axb6 Na6 45. b7 Kg6 46. g4 1-0

[Event "vl-2324 MVP"]
[Site "MVP"]
[Date "2024.03.17"]
[Round "7.6"]
[White "Rossmann, Andreas"]
[Black "Fischer, Torsten"]
[Result "1/2-1/2"]
[WhiteElo "2073"]
[BlackElo "2008"]
[PlyCount "55"]
[EventDate "2023.??.??"]
[EventType "team-tourn"]
[EventRounds "9"]
[EventCountry "GER"]
[WhiteTeam "SG Neubrandenburg"]
[BlackTeam "SF Schwerin II"]
[WhiteTeamCountry "GER"]
[BlackTeamCountry "GER"]

1. Nf3 Nf6 2. g3 g6 3. Bg2 Bg7 4. O-O O-O 5. c4 c5 6. Nc3 Nc6 7. d4 cxd4 8. Nxd4 Nxd4 9. Qxd4 d6 10. e4 Nd7 11. Qe3 Ne5 12. Qe2 Be6 13. Nd5 Rc8 14. Be3 Nxc4 15. Bg5 Re8 16. Rab1 h6 17. Bf4 Kh7 18. b3 Ne5 19. Rbc1 Qa5 20. Rxc8 Bxc8 21. Rc1 e6 22. Ne3 b5 23. Bxe5 Bxe5 24. Rd1 Qb6 25. Qd3 Rd8 26. f4 Bg7 27. Kh1 Bb7 28. g4 1/2-1/2

[Event "vl-2324 MVP"]
[Site "MVP"]
[Date "2024.03.17"]
[Round "7.7"]
[White "Popp, Michael"]
[Black "Baier, Karsten"]
[Result "0-1"]
[WhiteElo "1958"]
[BlackElo "1984"]
[PlyCount "138"]
[EventDate "2023.??.??"]
[EventType "team-tourn"]
[EventRounds "9"]
[EventCountry "GER"]
[WhiteTeam "SF Schwerin II"]
[BlackTeam "SG Neubrandenburg"]
[WhiteTeamCountry "GER"]
[BlackTeamCountry "GER"]

1. e4 e5 2. Nf3 Nc6 3. Bb5 d6 4. O-O Bd7 5. c3 a6 6. Ba4 Nf6 7. Re1 Be7 8. d4 b5 9. Bc2 O-O 10. Nbd2 Na5 11. dxe5 dxe5 12. Nxe5 Bd6 13. Nxd7 Nxd7 14. Nf3 Nc4 15. b3 Nce5 16. Nxe5 Nxe5 17. Qh5 g6 18. Qh3 h5 19. Bh6 Re8 20. Rad1 Ng4 21. Be3 Bxh2+ 22. Kf1 Bd6 23. f3 Nxe3+ 24. Rxe3 Qg5 25. Red3 Rad8 26. b4 h4 27. Bb3 Bg3 28. Ke2 Rxd3 29. Rxd3 Qc1 30. Rd1 Qxc3 31. Qd7 Rf8 32. Qd2 Qf6 33. Qc2 Bd6 34. a3 Qg5 35. Kf1 Qg3 36. Qf2 Qg5 37. Bd5 Bg3 38. Qd2 Qf6 39. Qd4 Be5 40. Qe3 Kg7 41. Ke2 Rd8 42. Bb3 Rxd1 43. Bxd1 Bd4 44. Qd3 Bb6 45. Qd2 Qa1 46. Bb3 Qxa3 47. Qd5 Qb2+ 48. Kd1 Qd4+ 49. Kc2 Qxd5 50. Bxd5 a5 51. Kc3 c5 52. bxc5 Bxc5 53. Bc6 b4+ 54. Kb3 Kf8 55. Bd7 Ke7 56. Bc8 f6 57. Bh3 g5 58. Bf5 Kd6 59. Bc8 Ke5 60. Bd7 Kd4 61. Be6 Bd6 62. Bd7 a4+ 63. Kxa4 Kc3 64. Be6 g4 65. fxg4 Kd4 66. Bd5 Ke5 67. Kb3 Kf4 68. Kc2 Kg3 69. Kd3 Be5 0-1

[Event "vl-2324 MVP"]
[Site "MVP"]
[Date "2024.03.17"]
[Round "7.8"]
[White "Winkler, Karl"]
[Black "Krueger, Gerhard"]
[Result "1/2-1/2"]
[WhiteElo "1849"]
[BlackElo "1972"]
[PlyCount "45"]
[EventDate "2023.??.??"]
[EventType "team-tourn"]
[EventRounds "9"]
[EventCountry "GER"]
[WhiteTeam "SG Neubrandenburg"]
[BlackTeam "SF Schwerin II"]
[WhiteTeamCountry "GER"]
[BlackTeamCountry "GER"]

1. e4 c5 2. d4 cxd4 3. Qxd4 Nc6 4. Qe3 Nf6 5. h3 e6 6. Be2 d5 7. exd5 Nxd5 8. Qd2 Bb4 9. c3 Ba5 10. Nf3 a6 11. Qg5 O-O 12. Qxd8 Rxd8 13. O-O b5 14. Rd1 Bb7 15. Bg5 f6 16. Bh4 Nf4 17. Rxd8+ Rxd8 18. Kf1 Ne7 19. Bg3 Nxe2 20. Kxe2 Bxf3+ 21. gxf3 Rd5 22. Nd2 Nc6 23. Rd1 1/2-1/2

[Event "vl-2324 MVP"]
[Site "MVP"]
[Date "2024.03.17"]
[Round "7.1"]
[White "Petrow, Jonas"]
[Black "Kallweit, Paul"]
[Result "1-0"]
[WhiteElo "1811"]
[BlackElo "1948"]
[PlyCount "97"]
[EventDate "2023.??.??"]
[EventType "team-tourn"]
[EventRounds "9"]
[EventCountry "GER"]
[WhiteTeam "Makkabi Rostock"]
[BlackTeam "SSC Rostock"]
[WhiteTeamCountry "GER"]
[BlackTeamCountry "GER"]

1. d4 d5 2. c4 e6 3. Nf3 c6 4. e3 Bd6 5. Nc3 f5 6. Ne5 Nf6 7. f4 O-O 8. Bd2 dxc4 9. Bxc4 b5 10. Be2 Qe7 11. O-O Bb7 12. Bf3 a6 13. Nd3 Nbd7 14. a3 Nd5 15. Nxd5 cxd5 16. Bb4 Rfc8 17. Qd2 Rc4 18. b3 Rc6 19. Rfc1 Rac8 20. Rxc6 Rxc6 21. Rc1 Rxc1+ 22. Qxc1 Bxb4 23. axb4 Nf6 24. Qc5 Qxc5 25. dxc5 Nd7 26. Kf2 Kf7 27. g4 g6 28. gxf5 gxf5 29. Bh5+ Ke7 30. Ke2 Nf6 31. Bf3 Nd7 32. Kd2 e5 33. fxe5 Ke6 34. Bh5 Nxe5 35. Nxe5 Kxe5 36. Be8 Bc8 37. Kd3 Be6 38. c6 Kd6 39. Kd4 Bg8 40. Bd7 h6 41. Bxf5 Kxc6 42. Ke5 d4 43. exd4 Bxb3 44. Bc8 Kb6 45. d5 a5 46. bxa5+ Kxa5 47. d6 Kb6 48. Kf6 Kc6 49. Ke7 1-0

[Event "vl-2324 MVP"]
[Site "MVP"]
[Date "2024.03.17"]
[Round "7.2"]
[White "Mangold, Thomas"]
[Black "Schamber, Dennis"]
[Result "1-0"]
[WhiteElo "2020"]
[BlackElo "1714"]
[PlyCount "65"]
[EventDate "2023.??.??"]
[EventType "team-tourn"]
[EventRounds "9"]
[EventCountry "GER"]
[WhiteTeam "SSC Rostock"]
[BlackTeam "Makkabi Rostock"]
[WhiteTeamCountry "GER"]
[BlackTeamCountry "GER"]

1. Nf3 Nf6 2. c4 g6 3. Nc3 Bg7 4. g3 O-O 5. Bg2 d6 6. O-O Nc6 7. Rb1 e5 8. d3 Nd7 9. Nd5 Ne7 10. Bg5 f6 11. Bd2 h6 12. Nh4 Kh7 13. e4 c6 14. Nxe7 Qxe7 15. b4 Rf7 16. Be3 Nf8 17. d4 f5 18. exf5 gxf5 19. dxe5 Bxe5 20. Bd4 Be6 21. f4 Bf6 22. Bxf6 Rxf6 23. Re1 Rd8 24. Qd4 Qf7 25. Rbc1 a6 26. a4 b5 27. Qb6 Rc8 28. cxb5 axb5 29. axb5 Bc4 30. bxc6 d5 31. b5 Rc7 32. Nf3 Rb7 33. Qxb7 1-0

[Event "vl-2324 MVP"]
[Site "MVP"]
[Date "2024.03.17"]
[Round "7.3"]
[White "Schulz, Bruno Andreas"]
[Black "Schmidt, Peter"]
[Result "0-1"]
[WhiteElo "1737"]
[BlackElo "2029"]
[PlyCount "126"]
[EventDate "2023.??.??"]
[EventType "team-tourn"]
[EventRounds "9"]
[EventCountry "GER"]
[WhiteTeam "Makkabi Rostock"]
[BlackTeam "SSC Rostock"]
[WhiteTeamCountry "GER"]
[BlackTeamCountry "GER"]

1. d4 g6 2. c4 Bg7 3. Nc3 d6 4. e4 f5 5. Nf3 Nh6 6. Bg5 O-O 7. Be2 Na6 8. a3 c5 9. Nd5 Re8 10. e5 Nf7 11. Bh4 cxd4 12. Nxd4 dxe5 13. Nf3 e4 14. Nxe7+ Qxe7 15. Bxe7 exf3 16. gxf3 Rxe7 17. O-O Bxb2 18. Ra2 Be5 19. f4 Bxf4 20. Bf3 Be6 21. Re2 Rd8 22. Qc2 Ne5 23. Bg2 Nc5 24. Qc3 Rd3 25. Qb4 b6 26. Rb2 Red7 27. Rc2 Rb3 28. Qe1 Rd4 29. Qa1 Rxc4 30. Rxc4 Bxc4 31. Re1 Ncd3 32. Rd1 Rb2 33. a4 Rxf2 34. Qd4 Rd2 35. Qd8+ Kg7 36. Qe7+ Nf7 37. Rxd2 Bxd2 38. Qc7 Be3+ 39. Kh1 Nf2+ 40. Kg1 Nh3+ 41. Kh1 Nf2+ 42. Kg1 Nd3+ 43. Kh1 Nde5 44. Qxa7 f4 45. Qb7 Be2 46. Qe4 Ng4 47. Qb7 Nge5 48. Qe4 g5 49. h3 h5 50. Kh2 g4 51. h4 Nf3+ 52. Kh1 Nxh4 53. a5 bxa5 54. Kh2 Nxg2 55. Qf5 g3+ 56. Kh1 a4 57. Qa5 Bd4 58. Qxa4 Be5 59. Qe4 f3 60. Qc2 Nf4 61. Qb1 g2+ 62. Kh2 Ng6+ 63. Kh3 Ng5# 0-1

[Event "vl-2324 MVP"]
[Site "MVP"]
[Date "2024.03.17"]
[Round "7.4"]
[White "Hodl, Ingolf"]
[Black "Markovych, Leonid"]
[Result "1-0"]
[WhiteElo "1911"]
[BlackElo "1428"]
[PlyCount "55"]
[EventDate "2023.??.??"]
[EventType "team-tourn"]
[EventRounds "9"]
[EventCountry "GER"]
[WhiteTeam "SSC Rostock"]
[BlackTeam "Makkabi Rostock"]
[WhiteTeamCountry "GER"]
[BlackTeamCountry "GER"]

1. e4 c5 2. Nc3 e6 3. Nge2 Nc6 4. d4 cxd4 5. Nxd4 Nf6 6. Ndb5 Bc5 7. Nd6+ Ke7 8. Nc4 d5 9. exd5 exd5 10. Qe2+ Be6 11. Ne5 Nxe5 12. Qxe5 Bxf2+ 13. Kd1 h6 14. Bd3 Ng4 15. Qe2 Bb6 16. Rf1 Nxh2 17. Rf4 Bc7 18. Rd4 Kf8 19. Bd2 h5 20. Kc1 Ng4 21. Nb5 Be5 22. Rxg4 Bxb2+ 23. Kxb2 hxg4 24. Rf1 Kg8 25. Qe5 a6 26. Nc7 Rc8 27. Bc3 Qf8 28. Nxe6 1-0

[Event "vl-2324 MVP"]
[Site "MVP"]
[Date "2024.03.17"]
[Round "7.5"]
[White "Reznik, Leonid"]
[Black "Nour, Alaa"]
[Result "0-1"]
[WhiteElo "1994"]
[BlackElo "1815"]
[PlyCount "88"]
[EventDate "2023.??.??"]
[EventType "team-tourn"]
[EventRounds "9"]
[EventCountry "GER"]
[WhiteTeam "Makkabi Rostock"]
[BlackTeam "SSC Rostock"]
[WhiteTeamCountry "GER"]
[BlackTeamCountry "GER"]

1. e4 e5 2. d4 exd4 3. Qxd4 Nc6 4. Qe3 Bb4+ 5. Nc3 Nf6 6. Bd2 O-O 7. O-O-O d6 8. f4 Ng4 9. Qg3 Bc5 10. Nh3 Nd4 11. f5 Nf6 12. Bg5 c6 13. Nf4 b5 14. Bh6 Ne8 15. Bxg7 Nxg7 16. Nh5 Ndxf5 17. exf5 Be3+ 18. Qxe3 Nxh5 19. g4 Ng7 20. Ne4 Ne8 21. Qf4 f6 22. Nxd6 Qa5 23. Kb1 Nc7 24. Bg2 Qb6 25. Rhe1 Nd5 26. Bxd5+ cxd5 27. Nxc8 Raxc8 28. Rxd5 Rxc2 29. Kxc2 Qc6+ 30. Kb1 Qxd5 31. Qe3 Rf7 32. a3 Kg7 33. Qe4 Qd6 34. Re2 a5 35. Qc2 Rc7 36. Qd2 Qb6 37. h4 b4 38. axb4 axb4 39. b3 Qc5 40. Rf2 Ra7 41. g5 Qe5 42. gxf6+ Kf7 43. Qf4 Qe1+ 44. Kb2 Qc3+ 0-1

[Event "vl-2324 MVP"]
[Site "MVP"]
[Date "2024.03.17"]
[Round "7.6"]
[White "Onasch, Gunnar"]
[Black "Gavrylyuk, Oleksandr"]
[Result "1-0"]
[WhiteElo "1927"]
[BlackElo "1390"]
[PlyCount "65"]
[EventDate "2023.??.??"]
[EventType "team-tourn"]
[EventRounds "9"]
[EventCountry "GER"]
[WhiteTeam "SSC Rostock"]
[BlackTeam "Makkabi Rostock"]
[WhiteTeamCountry "GER"]
[BlackTeamCountry "GER"]

1. d4 d5 2. c4 c6 3. Nf3 e6 4. Nc3 Nf6 5. Bg5 Nbd7 6. e3 Be7 7. c5 O-O 8. Bd3 b6 9. b4 Bb7 10. O-O Re8 11. Qc2 h6 12. Bh4 Bf8 13. Ne5 Qc7 14. Bg3 Nxe5 15. Bxe5 Qd8 16. Ne2 Nd7 17. Bg3 e5 18. dxe5 Nxe5 19. Bxe5 Rxe5 20. Nd4 Rc8 21. Rfe1 bxc5 22. bxc5 Qa5 23. Qb2 Qc7 24. Rab1 Bxc5 25. Nf5 Ba8 26. f4 Rxf5 27. Bxf5 Re8 28. Qc3 Qxf4 29. Qxc5 Qxf5 30. Qxa7 Qc8 31. Rf1 f6 32. Rf2 c5 33. Rfb2 1-0

[Event "vl-2324 MVP"]
[Site "MVP"]
[Date "2024.03.17"]
[Round "7.8"]
[White "Herde, Dittmar"]
[Black "Roeste, Stein"]
[Result "1/2-1/2"]
[WhiteElo "1938"]
[BlackElo "1731"]
[PlyCount "39"]
[EventDate "2023.??.??"]
[EventType "team-tourn"]
[EventRounds "9"]
[EventCountry "GER"]
[WhiteTeam "SSC Rostock"]
[BlackTeam "Makkabi Rostock"]
[WhiteTeamCountry "GER"]
[BlackTeamCountry "GER"]

1. d4 d5 2. c4 c6 3. Nc3 Bf5 4. Nf3 Nf6 5. e3 e6 6. a3 Be7 7. Bd3 Bxd3 8. Qxd3 O-O 9. O-O Nbd7 10. b3 a6 11. Bb2 Qc7 12. Qc2 h6 13. Rfe1 Rac8 14. Rac1 Qb8 15. e4 dxe4 16. Nxe4 Nxe4 17. Qxe4 Nf6 18. Qe2 Qf4 19. Ne5 Rfd8 20. Qe3 1/2-1/2

[Event "vl-2324 MVP"]
[Site "MVP"]
[Date "2024.03.17"]
[Round "7.5"]
[White "Jansen, Andreas"]
[Black "Lange, Jannis"]
[Result "1-0"]
[WhiteElo "2098"]
[BlackElo "2085"]
[PlyCount "113"]
[EventDate "2023.??.??"]
[EventType "team-tourn"]
[EventRounds "9"]
[EventCountry "GER"]
[WhiteTeam "SSC Graal-Mueritz"]
[BlackTeam "Greifswalder SV"]
[WhiteTeamCountry "GER"]
[BlackTeamCountry "GER"]

1. e4 c5 2. a3 Nc6 3. b4 Nf6 4. b5 Ne5 5. Nc3 d6 6. h3 g6 7. f4 Ned7 8. Bc4 Bg7 9. Rb1 O-O 10. Nge2 b6 11. O-O Bb7 12. d3 e6 13. Bb3 Qe7 14. Bd2 Kh8 15. Qe1 d5 16. Ng3 c4 17. Ba2 Qxa3 18. e5 Ng8 19. d4 Qe7 20. Nce2 Qh4 21. Qc1 a6 22. Rb2 axb5 23. Bb1 Qd8 24. c3 Ra5 25. Qc2 Ne7 26. Nh5 Rg8 27. g4 Nf8 28. Nhg3 Qd7 29. Kh2 Bc8 30. Ng1 Ra3 31. Nf3 Nc6 32. Rxb5 Ra6 33. Qb2 Qa7 34. Ng5 Na5 35. Rxb6 h6 36. Rxa6 Bxa6 37. Nf3 Nb3 38. f5 gxf5 39. gxf5 f6 40. Bf4 exf5 41. Bxf5 Qe7 42. Re1 Bb5 43. Nh5 Qf7 44. Ng3 Bd7 45. exf6 Qxf6 46. Be5 Qf7 47. Qc2 Bf6 48. Bxd7 Nxd7 49. Qf5 Qg7 50. Rg1 Bxe5 51. dxe5 Rf8 52. Qh5 Rxf3 53. Qxf3 Nxe5 54. Qxd5 Nd2 55. Rg2 Nef3+ 56. Kh1 Qe7 57. Ne4 1-0

[Event "vl-2324 MVP"]
[Site "MVP"]
[Date "2024.03.17"]
[Round "7.6"]
[White "Patzenhauer, Max"]
[Black "Moritz, Hartmut"]
[Result "0-1"]
[WhiteElo "1949"]
[BlackElo "2034"]
[PlyCount "70"]
[EventDate "2023.??.??"]
[EventType "team-tourn"]
[EventRounds "9"]
[EventCountry "GER"]
[WhiteTeam "Greifswalder SV"]
[BlackTeam "SSC Graal-Mueritz"]
[WhiteTeamCountry "GER"]
[BlackTeamCountry "GER"]

1. d4 e6 2. Nf3 b6 3. e4 Bb7 4. Bd3 Nf6 5. Qe2 Be7 6. O-O d6 7. Re1 Nbd7 8. Nbd2 c5 9. c3 Qc7 10. Nf1 Nf8 11. Bg5 Ng6 12. Rad1 O-O 13. Ng3 Rae8 14. h4 h6 15. Bc1 e5 16. Nf5 Bc8 17. g3 Bd8 18. Bb5 exd4 19. Bxe8 Rxe8 20. Qc2 Ne5 21. Nxe5 dxe5 22. cxd4 exd4 23. Bf4 Qd7 24. Nd6 Rf8 25. Nxc8 Qxc8 26. Rxd4 Bc7 27. Rd3 Bxf4 28. gxf4 Qg4+ 29. Rg3 Qxf4 30. Qc1 Qxh4 31. Kg2 Nh5 32. Rge3 Nf4+ 33. Kf3 Qh3+ 34. Kxf4 g5+ 35. Ke5 Qe6# 0-1

[Event "vl-2324 MVP"]
[Site "MVP"]
[Date "2024.03.17"]
[Round "7.7"]
[White "Mueggenburg, Rolf"]
[Black "Mildner, Jens"]
[Result "0-1"]
[WhiteElo "1635"]
[BlackElo "2107"]
[PlyCount "140"]
[EventDate "2023.??.??"]
[EventType "team-tourn"]
[EventRounds "9"]
[EventCountry "GER"]
[WhiteTeam "SSC Graal-Mueritz"]
[BlackTeam "Greifswalder SV"]
[WhiteTeamCountry "GER"]
[BlackTeamCountry "GER"]

1. d4 d5 2. Bf4 c6 3. c3 Bf5 4. Nd2 Nf6 5. h3 e6 6. Ngf3 h6 7. Qb3 Qc8 8. e3 Be7 9. Be2 Nbd7 10. O-O O-O 11. c4 Re8 12. Bd3 Bxd3 13. Qxd3 Bf8 14. c5 g6 15. Ne5 Nxe5 16. Bxe5 Nd7 17. f4 f5 18. Nf3 Kh7 19. g3 Be7 20. h4 Rg8 21. Rf2 Nf6 22. Rg2 Ng4 23. Nh2 Nxe5 24. fxe5 Qd7 25. Nf3 Raf8 26. Kf2 Bd8 27. b4 Kg7 28. Rag1 Rh8 29. Ke1 a6 30. Qd2 Qf7 31. Rf1 g5 32. Rff2 Qg6 33. Qd3 Rf7 34. Ng1 Rhf8 35. Ne2 Qh5 36. hxg5 hxg5 37. Kd2 Rh8 38. g4 fxg4 39. Rxf7+ Kxf7 40. Ng3 Qg6 41. Qf1+ Kg7 42. Qe2 Rh4 43. e4 dxe4 44. Nxe4 g3 45. Kd3 Rf4 46. Rxg3 Qf5 47. Re3 g4 48. Kc3 Rf3 49. Ng3 Qf7 50. Ne4 Bh4 51. Nd2 Rf4 52. Ne4 Qg6 53. Qg2 Kf8 54. Ng3 Qb1 55. Qd2 Qa1+ 56. Kc4 Qg1 57. Ne2 Qg2 58. Ra3 Bg5 59. Rg3 Qd5+ 60. Kc3 Rf5 61. Qc2 Bh4 62. Re3 Bf2 63. Re4 g3 64. Nf4 Bxd4+ 65. Rxd4 Qf3+ 66. Nd3 g2 67. Qb3 g1=Q 68. Qxe6 Qa1+ 69. Kb3 Qfd1+ 70. Ka3 Qc3+ 0-1

[Event "vl-2324 MVP"]
[Site "MVP"]
[Date "2024.03.17"]
[Round "7.2"]
[White "Montag, Ralf"]
[Black "Pawlicz, Filip"]
[Result "0-1"]
[WhiteElo "2050"]
[BlackElo "1824"]
[PlyCount "68"]
[EventDate "2023.??.??"]
[EventType "team-tourn"]
[EventRounds "9"]
[EventCountry "GER"]
[WhiteTeam "VT Ludwigslust"]
[BlackTeam "SAV Torgelow II"]
[WhiteTeamCountry "GER"]
[BlackTeamCountry "GER"]

1. e4 c5 2. Nc3 Nc6 3. d3 g6 4. Be3 Qa5 5. Qd2 e6 6. g3 b5 7. Bg2 b4 8. Nd1 Bg7 9. Ne2 Nge7 10. Bh6 O-O 11. h4 f6 12. Bxg7 Kxg7 13. Ne3 h6 14. f4 d6 15. g4 e5 16. g5 fxg5 17. hxg5 exf4 18. gxh6+ Kh7 19. Nc4 Qc7 20. Nxf4 Bg4 21. Bh3 Bxh3 22. Rxh3 Nd4 23. c3 bxc3 24. bxc3 d5 25. exd5 Nxd5 26. Nxd5 Rae8+ 27. Nce3 Qd7 28. Qg2 Nc2+ 29. Kd2 Nxa1 30. Ng4 Re6 31. Rf3 Qa4 32. Ndf6+ Rfxf6 33. Nxf6+ Rxf6 34. Qg3 Qxa2+ 0-1

[Event "vl-2324 MVP"]
[Site "MVP"]
[Date "2024.03.17"]
[Round "7.5"]
[White "Massloch, Philipp"]
[Black "Krueger, Horst"]
[Result "1/2-1/2"]
[WhiteElo "1805"]
[BlackElo "1972"]
[PlyCount "73"]
[EventDate "2023.??.??"]
[EventType "team-tourn"]
[EventRounds "9"]
[EventCountry "GER"]
[WhiteTeam "SAV Torgelow II"]
[BlackTeam "VT Ludwigslust"]
[WhiteTeamCountry "GER"]
[BlackTeamCountry "GER"]

1. e4 c5 2. Nf3 d6 3. d4 cxd4 4. Nxd4 Nf6 5. Nc3 Nc6 6. f3 e6 7. Be3 Be7 8. Be2 a6 9. O-O Bd7 10. Qe1 O-O 11. Qg3 Nxd4 12. Bxd4 Nh5 13. Qf2 Nf4 14. Bb6 Qc8 15. Bd3 Bf6 16. Bd4 e5 17. Be3 Nxd3 18. cxd3 Bc6 19. Rac1 Qe6 20. d4 d5 21. exd5 Bxd5 22. Nxd5 Qxd5 23. dxe5 Qxe5 24. b3 Rac8 25. Rfe1 Rxc1 26. Rxc1 Re8 27. Re1 Qb5 28. Bd2 h6 29. Rxe8+ Qxe8 30. Kf1 Qd7 31. Qe2 b5 32. Bc1 Qc7 33. Qe8+ Kh7 34. Qe4+ g6 35. Bf4 Qd7 36. Ke2 Kg7 37. Be5 1/2-1/2

[Event "vl-2324 MVP"]
[Site "MVP"]
[Date "2024.03.17"]
[Round "7.6"]
[White "Hilpert, Andreas"]
[Black "Troemer, Felix"]
[Result "1-0"]
[WhiteElo "1876"]
[BlackElo "1753"]
[PlyCount "63"]
[EventDate "2023.??.??"]
[EventType "team-tourn"]
[EventRounds "9"]
[EventCountry "GER"]
[WhiteTeam "VT Ludwigslust"]
[BlackTeam "SAV Torgelow II"]
[WhiteTeamCountry "GER"]
[BlackTeamCountry "GER"]

1. e4 c5 2. Nc3 e6 3. Bc4 a6 4. a4 Qc7 5. d3 b6 6. f4 Bb7 7. Nf3 g6 8. O-O Bg7 9. Qe2 Nc6 10. e5 O-O-O 11. Ne4 d5 12. exd6 Qd7 13. Ra3 Kb8 14. c3 Nf6 15. Nxf6 Bxf6 16. Ne5 Qe8 17. d7 Qe7 18. Nxc6+ Bxc6 19. Bxa6 Qxd7 20. Be3 Kc7 21. d4 cxd4 22. cxd4 Bxd4 23. Rc1 Qd5 24. Bxd4 Qxd4+ 25. Qf2 Qxf2+ 26. Kxf2 Rd5 27. b4 Kd6 28. b5 Bd7 29. Bb7 Rd4 30. Ke3 e5 31. a5 bxa5 32. fxe5+ 1-0

[Event "vl-2324 MVP"]
[Site "MVP"]
[Date "2024.03.17"]
[Round "7.8"]
[White "Emmrich, Olaf"]
[Black "Schmekel, Matthias"]
[Result "1-0"]
[WhiteElo "1896"]
[BlackElo "1938"]
[PlyCount "77"]
[EventDate "2023.??.??"]
[EventType "team-tourn"]
[EventRounds "9"]
[EventCountry "GER"]
[WhiteTeam "VT Ludwigslust"]
[BlackTeam "SAV Torgelow II"]
[WhiteTeamCountry "GER"]
[BlackTeamCountry "GER"]

1. e4 c5 2. Nf3 Nc6 3. Bc4 e6 4. O-O d6 5. c3 Nf6 6. Re1 e5 7. Ng5 d5 8. exd5 Nxd5 9. d4 Be7 10. Qf3 O-O 11. Bxd5 Bxg5 12. Bxg5 Qxg5 13. dxc5 Bg4 14. Qe3 Qf6 15. Nd2 Rfe8 16. Ne4 Qg6 17. Nd6 Re7 18. Qg3 Be6 19. Qxg6 hxg6 20. Bxc6 bxc6 21. Rxe5 Rb8 22. b3 Kf8 23. Rae1 a5 24. f4 Ra7 25. R5e4 Raa8 26. Ra4 Ke7 27. f5 gxf5 28. Nxf5+ Kf6 29. Nd4 Bd7 30. Nf3 Rb5 31. Rf4+ Kg6 32. Ne5+ Kg5 33. Rxf7 Be8 34. Re7 Bh5 35. Nxc6 Rxc5 36. R7e5+ Rxe5 37. Rxe5+ Kg4 38. h3+ Kh4 39. Kh2 1-0